000
00282nam a2200109Ia 4500
008
200302s9999 xx 000 0 und d
100
_a
Alicia Kennedy ed
245
_a
The architecture Rerence Specification book
260
_b
Rockport Publishers Inc.
260
_c
2013
300
_a
272
999
_c
7009
_d
7009